000 00757nam a2200277Ia 4500
003 OSt
005 20220926034052.0
006 a|||||r|||| 00| 0
007 ta
008 220923b |||||||| |||| 00| 0 eng d
020 _a08157=6961X
037 _cGeneral Book
040 _aRTL
_cRTL
_beng
041 _2eng
_aeng
082 _aX72.73.N7, L1;M7
100 _aPechman Joseph A.
_9251293
245 0 _aFederal tax policy
250 _aEd 5
260 _aWashington
_bBrooking Institution
_c1987
300 _a430p
_ccm.
490 _aStudies of Government Finance, second Series
650 _a Economics
650 _aTax
942 _hX72.73.N7, L1;M7
_cGB
_2CC
999 _c658673
_d658673